000 00627nam a2200181Ia 4500
008 090201s9999 xx 000 0 und d
010 _aKPL-70363
040 _bमराठी
041 _aमराठी
082 _a49939
_b70363
100 _aरमाकांत कुलकर्णी अनु./ रेखा ढोले
245 _aमागोवा
_cरमाकांत कुलकर्णी अनु./ रेखा ढोले
250 _a1
260 _c2006
_bराजहंस प्रकाशन
300 _a234
_bमध्यम
600 _aमागोवा
942 _cBOOK
999 _c246494
_d246494